| 000 | 00773nam a22002295i 4500 | ||
|---|---|---|---|
| 001 | 167376 | ||
| 003 | ES-MaACL | ||
| 005 | 20230906213519.0 | ||
| 008 | 000809s1860 fr |||| | fre d | ||
| 040 |
_aCCPB | B _bspa _cCCPB | B |
||
| 100 | 1 |
_aViardot, Louis. _9114298 |
|
| 245 | 1 | 4 |
_aLes musées d'Angleterre de Belgique, de Hollande et de Russie _b: guide et memento de l'artiste et du voyageur ... / _cpar Louis Viardot. |
| 250 | _a3e éd. augm. | ||
| 260 |
_aParis : _bL. Hachette, _c1860. |
||
| 300 |
_a408 p. ; _c20 cm. |
||
| 490 | 1 | _aLes musées d'Europe | |
| 650 | 4 |
_aMuseos- _zEuropa- _yS. \RXIX\R. _9234186 |
|
| 752 |
_aFrancia - _dParís |
||
| 830 | 0 |
_aLes musées d'Europe _9188710 |
|
| 852 |
_aES-MaACL _jF-13309 _z-- Enc. hol. |
||
| 999 |
_c167376 _d167376 |
||